Tabu /

The surreal two-part tale of Aurora, who upon her death-bed will make a mysterious request to see a man no one had ever heard of, transporting us to the foothills of 1960s Africa in order to tell a story that occurred fifty years ago - the story of an irrational taboo and its extravagant consequence...

Full description

Bibliographic Details
Uniform Title:Tabu (Motion picture : 2012)
Other Authors: Gomes, Miguel, 1972- (Screenwriter, Narrator), Ricardo, Mariana (Screenwriter), Madruga, Teresa, 1953- (Actor), Soveral, Laura, 1933- (Actor), Moreira, Ana, 1980- (Actor), Cotta, Carloto (Actor), Espírito Santo, Henrique (Actor)
Format: Video
Language:Portuguese
Language Notes:Closed captioned; Portuguese and English language soundtrack with optional English captions.
Published: [São Paulo, Brazil] : Gullane, 2012.
Subjects:
Online Access:Connect to this streaming video (Kanopy)

MARC

Tag First Indicator Second Indicator Subfields
LEADER 00000cgm a2200000Ii 4500
001 in00003584413
005 20240610183847.3
006 m o c
007 vz bzazuu
007 cr bna---unuuu
008 140717s2012 bl 119 o vlpor d
035 |a (OCoLC)ocn897773373 
035 |a (OCoLC)897773373 
040 |a KNOPY  |b eng  |e rda  |e pn  |c KNOPY  |d OCLCO  |d COO  |d OCLCO  |d KNOPY  |d CUT  |d VT2  |d UAB  |d IAD  |d IOG  |d LNC  |d NHP  |d ZQP  |d OCLCF  |d OCLCQ  |d UOK  |d CEF  |d PLS  |d NTG  |d INT  |d OCLCQ  |d WYU  |d YOU  |d STF  |d QQ3  |d OTZ  |d D6H  |d OCLCO  |d TXA  |d UtOrBLW 
041 1 |a por  |h eng  |j eng  |h por  |h eng 
043 |a f------ 
049 |a TXAM 
050 1 4 |a PN1995.9.F67  |b T346 2012 
082 1 4 |a [E] 
090 |a Internet Access  |b AEU 
130 0 |a Tabu (Motion picture : 2012)  |0 http://id.loc.gov/authorities/names/n2013035917 
245 1 0 |a Tabu /  |c em co-produçao com Komplizen Film, Gullane, Shellac Sud, ZDF/ARTE ; une filme de Miguel Gomes ; argumento Miguel Gomes, Mariana Ricardo ; produtores, Luís Urbano, Sandro Aguilar. 
257 |a Germany  |a Brazil  |2 naf 
264 1 |a [São Paulo, Brazil] :  |b Gullane,  |c 2012. 
300 |a 1 online resource (1 video file (118 min., 14 sec.) :  |b sound, black and white 
336 |a two-dimensional moving image  |b tdi  |2 rdacontent 
337 |a computer  |b c  |2 rdamedia 
338 |a online resource  |b cr  |2 rdacarrier 
344 |a digital  |2 rdatr 
347 |a video file  |2 rdaft 
380 |a Motion pictures.  |2 lcgft 
546 |a Closed captioned; Portuguese and English language soundtrack with optional English captions. 
511 1 |a Teresa Madruga, Laura Soveral, Ana Moreira, Henrique Espírito Santo, Carloto Cotta. 
511 0 |a Narrator, Miguel Gomes. 
508 |a Director of photography, Rui Poças ; editors, Telmo Churro, Miguel Gomes 
518 |a Originally produced by Kino Lorber Edu in 2012. 
520 |a The surreal two-part tale of Aurora, who upon her death-bed will make a mysterious request to see a man no one had ever heard of, transporting us to the foothills of 1960s Africa in order to tell a story that occurred fifty years ago - the story of an irrational taboo and its extravagant consequences. Shot in lush black and white 16mm and 35mm. 
586 |a Winner of Critic's Prize at the Berlin Film Festival 2012. 
588 |a Description based on online resource; title from title frames (Kanopy, viewed on April 29, 2019). 
650 0 |a Older women  |v Drama.  |0 http://id.loc.gov/authorities/subjects/sh2010104381 
650 0 |a Man-woman relationships  |v Drama.  |0 http://id.loc.gov/authorities/subjects/sh2008107215 
650 0 |a Taboo  |v Drama. 
650 0 |a Deathbeds  |v Drama. 
651 0 |a Africa  |x History  |y 20th century  |v Drama. 
655 4 |a Streaming video. 
655 7 |a Feature films.  |2 lcgft  |0 http://id.loc.gov/authorities/genreForms/gf2011026247 
655 7 |a Fiction films.  |2 lcgft  |0 http://id.loc.gov/authorities/genreForms/gf2011026250 
655 7 |a Internet videos.  |2 lcgft  |0 http://id.loc.gov/authorities/genreForms/gf2011026337 
655 7 |a Video recordings for the hearing impaired.  |2 lcgft  |0 http://id.loc.gov/authorities/genreForms/gf2011026725 
655 7 |a Motion pictures, Portuguese.  |2 local 
655 7 |a Foreign films.  |2 local 
700 1 |a Gomes, Miguel,  |d 1972-  |e screenwriter,  |e film director,  |e editor of moving image work,  |e narrator.  |0 http://id.loc.gov/authorities/names/no2010055581 
700 1 |a Ricardo, Mariana,  |e screenwriter. 
700 1 |a Urbano, Luís,  |e film producer.  |0 http://id.loc.gov/authorities/names/no2011030530 
700 1 |a Aguilar, Sandro,  |d 1974-  |e film producer.  |0 http://id.loc.gov/authorities/names/no2011030531 
700 1 |a Madruga, Teresa,  |d 1953-  |e actor.  |0 http://id.loc.gov/authorities/names/no2005038189 
700 1 |a Soveral, Laura,  |d 1933-  |e actor.  |0 http://id.loc.gov/authorities/names/no2006135218 
700 1 |a Moreira, Ana,  |d 1980-  |e actor.  |0 http://id.loc.gov/authorities/names/no2009156084 
700 1 |a Cotta, Carloto,  |e actor.  |0 http://id.loc.gov/authorities/names/no2013066306 
700 1 |a Espírito Santo, Henrique,  |e actor. 
710 2 |a Komplizen Film,  |e production company.  |0 http://id.loc.gov/authorities/names/no2006037205 
710 2 |a Gullane Filmes (Firm),  |e production company.  |0 http://id.loc.gov/authorities/names/nr2002033601 
710 2 |a Shellac Sud (Firm),  |e production company.  |0 http://id.loc.gov/authorities/names/no2010055589 
710 2 |a ZDF/Arte (Firm),  |e production company.  |0 http://id.loc.gov/authorities/names/no2011055240 
856 4 0 |u http://proxy.library.tamu.edu/login?url=https://www.kanopy.com/en/texasam/video/114569  |z Connect to this streaming video (Kanopy)  |t 0 
938 |a Kanopy  |b KNOP  |n kan1114569 
994 |a C0  |b TXA 
948 |a cataloged (enhanced)  |b h  |c 2019/4/29  |d c  |e jho  |f 11:08:09 am 
999 f f |s e94bfa18-7708-3538-9053-9d5896216f56  |i 728b6c15-81f2-3b0c-8383-d50a847e4c9c  |t 0 
952 f f |a Texas A&M University  |b College Station  |c Electronic Resources  |d Available Online  |t 0  |e PN1995.9.F67 T346 2012  |h Library of Congress classification 
998 f f |a PN1995.9.F67 T346 2012  |t 0  |l Available Online